000 00711nam a22002177a 4500
999 _c64191
_d64191
005 20240530110719.0
008 180319s2017 ua g 000 f ara d
017 _a2017/2152
_bمصر. دار الكتب
020 _a9789777951135
040 _aEG-CaGPL
_cEG-CaGPL
082 0 4 _221
_a813.03/
_bع إ
100 0 _aعمرو العادلى
245 1 0 _aاسمى فاطمة :
_bرواية /
_cعمرو العادلى .
250 _aط.1
260 _aالقاهرة :
_bالدار المصرية اللبنانية ،
_c2017 .
300 _a319 ص. ؛
_c19 سم.
650 0 7 _2qrmak
_aالقصص العربية
651 _2qrmak
942 _2ddc
_cBK